ბათუმის შოთა რუსთაველის სახელმწიფო უნივერსიტეტის ბიბლიოთეკა

პურეული და მარცვლეულ-პარკოსანი კულტურები. (ბიბ.ჩანაწერი № 44623)

000 -LEADER
fixed length control field 00961nam a2200229Ia 4500
001 - CONTROL NUMBER
control field 11426
003 - CONTROL NUMBER IDENTIFIER
control field GE_BSU
008 - FIXED-LENGTH DATA ELEMENTS--GENERAL INFORMATION
fixed length control field 181216s||||||||xx |||||||||||||| ||und||
040 ## - CATALOGING SOURCE
Transcribing agency GE_BSU
080 ## - UNIVERSAL DECIMAL CLASSIFICATION NUMBER
Universal Decimal Classification number 631.1(075.32)+635.65(075.32)
100 ## - MAIN ENTRY--PERSONAL NAME
Personal name აბესაძე,გ.
245 ## - TITLE STATEMENT
Title პურეული და მარცვლეულ-პარკოსანი კულტურები.
245 ## - TITLE STATEMENT
Remainder of title სახელმძღვ.სოფლის მეურნეობის მეორე თანრიგის ოსტატთა მოსამზადებლად.
245 ## - TITLE STATEMENT
Statement of responsibility, etc. რედ:ც.ფირცხალავა.
260 ## - PUBLICATION, DISTRIBUTION, ETC.
Place of publication, distribution, etc. თბილისი.
260 ## - PUBLICATION, DISTRIBUTION, ETC.
Name of publisher, distributor, etc. სახელგამი.
260 ## - PUBLICATION, DISTRIBUTION, ETC.
Date of publication, distribution, etc. 1954.
300 ## - PHYSICAL DESCRIPTION
Extent 235გვ;23სმ.
300 ## - PHYSICAL DESCRIPTION
Accompanying material ილ.
653 ## - INDEX TERM--UNCONTROLLED
Uncontrolled term პურეული და მარცვლეულ-პარკოსანი კულტურები.
942 ## - ADDED ENTRY ELEMENTS (KOHA)
Koha item type წიგნი
ეგზემპლარები
Withdrawn status Lost status Damaged status Not for loan Date acquired Barcode Date last seen Price effective from Koha item type
        2018-12-17 20298 2018-12-17 2018-12-17 წიგნი
        2018-12-17 20299 2018-12-17 2018-12-17 წიგნი